All Pressure entities as of "half a slice of cake" - Statistics

General Stats
  • This quiz has been taken 10 times
  • The average score is 35 of 72
Answer Stats
Answers % Correct
Abomination
100%
Angler
100%
Blitz
100%
Chainsmoker
100%
Eyefestation
100%
Froger
100%
Good People
100%
No Good
100%
p.AI.nter
100%
Pandemonium
100%
Pinkie
100%
Searchlights
100%
Styx
100%
Bouncer
83%
DiVine
83%
Firewall
83%
Abstract Art
67%
CandleBearers
67%
Candlebrute
67%
Imaginary Friend
67%
Man From The Mindscape
67%
Multi monster
67%
My wife
67%
Pipsqueak
67%
Puddles of Void mass
67%
Sebastian Solace
67%
Squiddles
67%
Stan
67%
Valcula Void mass
67%
Wall Dweller
67%
A-200
50%
Bottomfeeder
50%
Conundrum
50%
Deep Sea Bunnies
50%
Mirage
50%
Parasites
50%
Rebarb
50%
Revenants
50%
GOM
33%
Hanger
33%
Harbinger
33%
Marksmen
33%
My Analog Horror Christmas Tree
33%
Pariah
33%
Redeemer
33%
Rooks
33%
Scuttlers
33%
Skelepede
33%
The Educator
33%
Witching Hour
33%
Abcess
17%
Ambuscade
17%
Anglermonium
17%
Bleach
17%
Blitzimonium
17%
Blumaginary friend
17%
Bulkwarks
17%
Frogermonium
17%
Pandesmoker
17%
Pinkiemonium
17%
Runner
17%
Stairwell 87
17%
The Crooked
17%
The Hosts
17%
Cave spider
0%
Corpse Trees
0%
Christine
0%
Internal Defense System
0%
James
0%
P03
0%
Paranoia's box
0%
Upper Class Coffin
0%
No matching quizzes found
Score Distribution
Percent of People with Each Score
Percentile by Number Answered
Your Score History
You have not taken this quiz